Wiedza o społeczeństwie - szkoła podstawowa i gimnazjum - Statystyki

Ogólne statystyki
  • Ten quiz został rozwiązany 283 razy
  • Średni wynik to 9 z 15
Statystyki odpowiedzi
Zagadnienie Odpowiedź % Poprawnych
Na czele polskiego rządu stoi prezes Rady Ministrów
87%
Mniejszościami narodowymi w Polsce są Białorusini i Niemcy
83%
Wysoka frekwencja wyborcza oznacza, że w wyborach wzięło udział wielu obywateli
83%
Do uprawnień Prezydenta RP należy zwierzchnictwo nad polskimi siłami zbrojnymi
78%
Mobilność zawodowa oznacza gotowość do zmiany miejsca zamieszkania w celu poszukiwania zatrudnienia
74%
Urząd marszałkowski jest częścią samorządu wojewódzkiego
74%
Do zadań polskiej dyplomacji należy umacnianie pozycji Polski na scenie międzynarodowej
74%
Celem NATO jest wzajemna obrona krajów należących do tej organizacji
74%
Sądy w Polsce dzielą się na powszechne, wojskowe i administracyjne
61%
Zwiększonym popytem nazywa się sytuację, w której rośnie sprzedaż produktu
57%
ONZ to międzynarodowa organizacja uniwersalna
48%
Organami wewnętrznymi odpowiedzialnymi za polską politykę zagraniczną są prezydent i Rada Ministrów
39%
Wojewoda to przedstawiciel Rady Ministrów
35%
Secesją nazywamy wystąpienie z federacji
30%
Do dochodów gminy zaliczamy wpływy z podatku VAT
4%
Nie znaleziono quizów pasujących do podanych kryteriów
Rozkład punktacji
Procent ludzi z każdym wynikiem
Percentyl według liczby udzielonych odpowiedzi
Twoja historia wyników
Nie rozwiązałeś tego quizu